<?xml version="1.0" encoding="UTF-8"?>
<collection xmlns="http://www.loc.gov/MARC21/slim">
<record>
  <controlfield tag="001">163190</controlfield>
  <controlfield tag="005">20251017161900.0</controlfield>
  <datafield tag="024" ind1="7" ind2=" ">
    <subfield code="2">doi</subfield>
    <subfield code="a">10.1016/j.palaeo.2025.113325</subfield>
  </datafield>
  <datafield tag="024" ind1="8" ind2=" ">
    <subfield code="2">sideral</subfield>
    <subfield code="a">145655</subfield>
  </datafield>
  <datafield tag="037" ind1=" " ind2=" ">
    <subfield code="a">ART-2025-145655</subfield>
  </datafield>
  <datafield tag="041" ind1=" " ind2=" ">
    <subfield code="a">eng</subfield>
  </datafield>
  <datafield tag="100" ind1=" " ind2=" ">
    <subfield code="a">Domínguez-García, Ángel C.</subfield>
    <subfield code="0">(orcid)0000-0003-1762-6328</subfield>
  </datafield>
  <datafield tag="245" ind1=" " ind2=" ">
    <subfield code="a">Palaeoecological context for the last Neanderthals of inland Iberia: small mammals from Los Casares cave (Guadalajara, Spain)</subfield>
  </datafield>
  <datafield tag="260" ind1=" " ind2=" ">
    <subfield code="c">2025</subfield>
  </datafield>
  <datafield tag="520" ind1="3" ind2=" ">
    <subfield code="a">Los Casares cave is a site in inland Iberia that preserves evidence of Late Pleistocene Neanderthal and carnivore occupations. In this paper, we report small mammal assemblages from layers C and Bsingle bondC of the “Seno A" cavity which date from MIS 3 (44–42 cal kyr BP). Taphonomic evidence suggests a mixed predator origin for the assemblage, with contributions from both mammalian carnivores and avian raptors. The presence of Cricetulus bursae, Pliomys coronensis, and Alexandromys oeconomus supports the Late Pleistocene age of the deposit. Our results show that the surrounding landscape was characterized by open areas with humid meadows, forest patches, and abundant water sources. Paleoclimatic reconstruction based on the study of small mammals indicates that the region experienced a relatively stable, warm, and humid typical temperate-Mediterranean ecotonal climate. Inferred temperatures were similar to those today for the area, while annual precipitation was slightly higher. These conditions would have provided a favourable setting for Neanderthal subsistence, offering diverse natural resources within a suitable climatic context. As such, our findings provide an updated palaeoenvironmental and palaeoclimatic framework for the last Neanderthals of inland Iberia.</subfield>
  </datafield>
  <datafield tag="506" ind1="0" ind2=" ">
    <subfield code="a">Access copy available to the general public</subfield>
    <subfield code="f">Unrestricted</subfield>
  </datafield>
  <datafield tag="536" ind1=" " ind2=" ">
    <subfield code="9">info:eu-repo/grantAgreement/ES/DGA/E18</subfield>
    <subfield code="9">info:eu-repo/grantAgreement/EC/H2020/805478/EU/Population dynamics and cultural adaptations of the last Neandertals and first Modern humans in inland Iberia: a multi-proxy investigation/MULTIPALEOIBERIA</subfield>
    <subfield code="9">This project has received funding from the European Union’s Horizon 2020 research and innovation program under grant agreement No H2020 805478-MULTIPALEOIBERIA</subfield>
    <subfield code="9">info:eu-repo/grantAgreement/ES/MCIU/FPU20-02030</subfield>
  </datafield>
  <datafield tag="540" ind1=" " ind2=" ">
    <subfield code="9">info:eu-repo/semantics/openAccess</subfield>
    <subfield code="a">by-nc</subfield>
    <subfield code="u">https://creativecommons.org/licenses/by-nc/4.0/deed.es</subfield>
  </datafield>
  <datafield tag="655" ind1=" " ind2="4">
    <subfield code="a">info:eu-repo/semantics/article</subfield>
    <subfield code="v">info:eu-repo/semantics/publishedVersion</subfield>
  </datafield>
  <datafield tag="700" ind1=" " ind2=" ">
    <subfield code="a">Cuenca-Bescós, Gloria</subfield>
    <subfield code="u">Universidad de Zaragoza</subfield>
    <subfield code="0">(orcid)0000-0001-5125-9651</subfield>
  </datafield>
  <datafield tag="700" ind1=" " ind2=" ">
    <subfield code="a">Alfaro-Ibañez, M. Pilar</subfield>
    <subfield code="u">Universidad de Zaragoza</subfield>
    <subfield code="0">(orcid)0000-0002-0041-0507</subfield>
  </datafield>
  <datafield tag="700" ind1=" " ind2=" ">
    <subfield code="a">Luque, Luis</subfield>
  </datafield>
  <datafield tag="700" ind1=" " ind2=" ">
    <subfield code="a">Alcolea-González, J. Javier</subfield>
  </datafield>
  <datafield tag="700" ind1=" " ind2=" ">
    <subfield code="a">Alcaraz-Castaño, Manuel</subfield>
  </datafield>
  <datafield tag="710" ind1="2" ind2=" ">
    <subfield code="1">2000</subfield>
    <subfield code="2">655</subfield>
    <subfield code="a">Universidad de Zaragoza</subfield>
    <subfield code="b">Dpto. Ciencias de la Tierra</subfield>
    <subfield code="c">Área Paleontología</subfield>
  </datafield>
  <datafield tag="773" ind1=" " ind2=" ">
    <subfield code="g">680 (2025), 113325 [14 pp.]</subfield>
    <subfield code="p">Palaeogeogr. palaeoclimatol. palaeoecol.</subfield>
    <subfield code="t">PALAEOGEOGRAPHY PALAEOCLIMATOLOGY PALAEOECOLOGY</subfield>
    <subfield code="x">0031-0182</subfield>
  </datafield>
  <datafield tag="856" ind1="4" ind2=" ">
    <subfield code="s">16693579</subfield>
    <subfield code="u">http://zaguan.unizar.es/record/163190/files/texto_completo.pdf</subfield>
    <subfield code="y">Versión publicada</subfield>
  </datafield>
  <datafield tag="856" ind1="4" ind2=" ">
    <subfield code="s">2729679</subfield>
    <subfield code="u">http://zaguan.unizar.es/record/163190/files/texto_completo.jpg?subformat=icon</subfield>
    <subfield code="x">icon</subfield>
    <subfield code="y">Versión publicada</subfield>
  </datafield>
  <datafield tag="909" ind1="C" ind2="O">
    <subfield code="o">oai:zaguan.unizar.es:163190</subfield>
    <subfield code="p">articulos</subfield>
    <subfield code="p">driver</subfield>
  </datafield>
  <datafield tag="951" ind1=" " ind2=" ">
    <subfield code="a">2025-10-17-14:07:46</subfield>
  </datafield>
  <datafield tag="980" ind1=" " ind2=" ">
    <subfield code="a">ARTICLE</subfield>
  </datafield>
</record>
</collection>